Polycrates gersensis exauthoratus, seu, Causa kempensis victrix post novissimam R.P. Thomae Erhard, Ord. S.P. Benedicti, apologiam

Detalles Bibliográficos
Autor principal: Amort, Eusebius C.R.L. 1692-1775
Formato: Libro
Lenguaje:Latin
Publicado: Monachii 1729
Materias:
Colección:Banco de datos
Acervo:Biblioteca Armando Olivares Carrillo de la Universidad de Guanajuato. Fondo Conventos
Descripción Física:51 p. 8°
Tema general:Apologética
LEADER 00799nam a22001930004500
035 |a 1020 
041 0 |a lat 
050 4 |a BT1100  |b A5 
100 1 |a Amort, Eusebius  |c C.R.L.  |d 1692-1775 
245 1 0 |a Polycrates gersensis exauthoratus, seu, Causa kempensis victrix post novissimam R.P. Thomae Erhard, Ord. S.P. Benedicti, apologiam  |c authore Eusebio Amort, Canon. Regul. & SS. Theol. professsore pollingae 
260 |a Monachii  |b typis Joannis Lucae Straub  |c 1729 
300 |a 51 p.  |c 8° 
501 |a 1 obra 
650 1 0 |a Apologética 
740 0 |a Causa kempensis victrix post novissimam R.P. Thomae Erhard, Ord. S.P. Benedicti, apologiam 
949 |a CO. 2937-A 
942 |c GUANAJUATO 
943 |g Biblioteca Armando Olivares Carrillo de la Universidad de Guanajuato. Fondo Conventos 
999 |c 1144977  |d 1144977